00717nam a22001817a 4500003000900000008004100009040007100050082001500121100002000136245003200156260002900188300002600217505019300243650002300436650001900459650001300478700004400491AR-CdUCM190319b ||||| |||| 00| 0 spa d aMUNICIPALIDAD PROVINCIAL DEL CUSCOcBIBLIOTECA MUNICIPAL DEL CUSCO a536 /bV62 aVielstich, Wolf aCélulas de Combustión / aEspaña :bUrmo,c1973. a416 paginas ;c25 cm. aContenido :Reacciones en los electrodos -- Células de combustión clásicas -- Tipos especiales -- Convertidor electroquimico de calor -- Almacenamiento electroquimico de energía ... aQuímica aplicada aQuímica pura aFísica aMedrano, A. Gonzalo (traductor) y otros